the cemetery at tell es-sa'idiyeh, jordan : /

محفوظ في:

المؤلف الرئيسي: pritchard, james b.

التنسيق: كتاب

اللغة: Undetermined

منشور في: philadelphia : university museum, university of pennsylvania, 1980.

سلاسل: university museum monograph; 41

الموضوعات:

الوسوم: إضافة وسم

لا توجد وسوم, كن أول من يضع وسما على هذه التسجيلة!

رقم الطلب: DS154.9 .S22 P74

LEADER 00749nam a2200193Ia 4500
008 220401s9999||||xx |||||||||||||| ||und||
020 |a 934718326 
050 4 |a DS154.9 .S22 P74 
100 1 |a pritchard, james b. 
245 1 4 |a the cemetery at tell es-sa'idiyeh, jordan :  |b  /  |c james b. pritchard. 
264 1 |a philadelphia :  |b university museum, university of pennsylvania,  |c 1980. 
300 |a xii, 103p. :  |b ill. ;  |c 28cm. 
490 0 |a university museum monograph; 41 
500 |a biBLiography. 
650 1 4 |a jordan antiquities. 
650 1 4 |a tombs jordan sa'idiyah, tall. 
942 |2 lcc  |c BK 
952 |0 0  |1 0  |2 lcc  |4 0  |6 DS01549 S22 P74  |7 1  |9 39484  |a ARCE  |b ARCE  |d 2022-04-01  |l 0  |o DS154.9 .S22 P74  |p 1009079  |r 2022-04-01 00:00:00  |w 2022-04-01  |y BK 
999 |c 47065  |d 47065